[Event "Nabokov Memorial-B 8th"]
[Site "Kiev"]
[Date "2010.06.15"]
[Round "11"]
[White "Nikolaev, Leonid"]
[Black "Golubka, Petro"]
[Result "0-1"]
[WhiteElo "2334"]
[BlackElo "2348"]
[WhiteFideId "-1"]
[BlackFideId "-1"]
[PlyCount "82"]
[GameId "1166653154701312"]
[EventDate "2010.06.05"]
[EventType "tourn"]
[EventRounds "11"]
[EventCountry "UKR"]
[EventCategory "4"]
[SourceTitle "CBM 136 Extra"]
[Source "ChessBase"]
[SourceDate "2010.07.02"]
[SourceVersion "2"]
[SourceVersionDate "2010.07.15"]
[SourceQuality "1"]

1. e4 c5 2. Nf3 d6 3. d4 cxd4 4. Qxd4 Nc6 5. Bb5 Bd7 6. Bxc6 Bxc6 7. Nc3 Nf6 8. Bg5 e6 9. O-O-O Be7 10. Kb1 O-O 11. h4 h6 12. g4 Nxg4 13. Bxe7 Qxe7 14. Rhg1 h5 15. Ng5 f6 16. f3 Ne5 17. f4 Ng4 18. Nf3 Rfd8 19. Rde1 b5 20. Nd5 Qf7 21. Ne3 e5 22. Qd1 d5 23. Nxg4 hxg4 24. Nd2 dxe4 25. f5 Rd4 26. Qe2 e3 27. Qxe3 Rad8 28. Nb3 Rf4 29. Nc5 Rd5 30. Rg3 Rfd4 31. Nd3 Bd7 32. Rf1 Qh5 33. Qf2 e4 34. Nc1 Bxf5 35. Rc3 e3 36. Qxe3 Qg6 37. Rxf5 Qxf5 38. Qe8+ Kh7 39. Rc8 Kh6 40. Qf7 Rd8 41. Rc7 R4d7 0-1

[Event "Nabokov mem IM"]
[Site "Kyiv UKR"]
[Date "2010.06.06"]
[Round "2"]
[White "Golubka, Petro"]
[Black "Koziak, Vitali"]
[Result "1/2-1/2"]
[WhiteElo "2348"]
[BlackElo "2467"]
[WhiteFideId "-1"]
[BlackFideId "-1"]
[PlyCount "27"]
[GameId "2129405078579422"]
[EventDate "2010.06.05"]
[EventType "tourn"]
[EventRounds "11"]
[EventCountry "UKR"]
[EventCategory "4"]

1. d4 d5 2. Nf3 Nf6 3. c4 c6 4. Nc3 e6 5. e3 Nbd7 6. Qc2 Bd6 7. Bd3 O-O 8. O-O e5 9. cxd5 cxd5 10. e4 exd4 11. Nxd5 Nxd5 12. exd5 Nf6 13. Nxd4 h6 14. Nf5 1/2-1/2

[Event "Nabokov mem IM"]
[Site "Kyiv UKR"]
[Date "2010.06.07"]
[Round "3"]
[White "Baltag, Iulian"]
[Black "Golubka, Petro"]
[Result "0-1"]
[WhiteElo "2365"]
[BlackElo "2348"]
[WhiteFideId "-1"]
[BlackFideId "-1"]
[PlyCount "70"]
[GameId "2129405078579427"]
[EventDate "2010.06.05"]
[EventType "tourn"]
[EventRounds "11"]
[EventCountry "UKR"]
[EventCategory "4"]

1. d4 Nf6 2. c4 e6 3. Nf3 b6 4. g3 Bb7 5. Bg2 Be7 6. Nc3 Ne4 7. Qc2 Nxc3 8. Qxc3 Be4 9. O-O O-O 10. Rd1 d6 11. d5 e5 12. Be3 a5 13. b3 f5 14. Qd2 Bxf3 15. exf3 Bf6 16. Rab1 Nd7 17. Qc2 Bg5 18. a3 Bxe3 19. fxe3 f4 20. exf4 exf4 21. Rd4 g5 22. gxf4 gxf4 23. Bh3 Qf6 24. Rd2 Ne5 25. Be6+ Kh8 26. Rf1 a4 27. b4 c5 28. bxc5 bxc5 29. Rg2 Rab8 30. Qxa4 Nxf3+ 31. Rxf3 Qd4+ 32. Rgf2 Rb1+ 33. Kg2 Qg7+ 34. Kh3 Rg1 35. Rxf4 Qh6+ 0-1

[Event "Nabokov mem IM"]
[Site "Kyiv UKR"]
[Date "2010.06.09"]
[Round "5"]
[White "Grinev, Valeriy"]
[Black "Golubka, Petro"]
[Result "1/2-1/2"]
[WhiteElo "2327"]
[BlackElo "2348"]
[WhiteFideId "-1"]
[BlackFideId "-1"]
[PlyCount "51"]
[GameId "2129405078579440"]
[EventDate "2010.06.05"]
[EventType "tourn"]
[EventRounds "11"]
[EventCountry "UKR"]
[EventCategory "4"]

1. d4 Nf6 2. c4 e6 3. g3 Bb4+ 4. Bd2 Qe7 5. Nf3 O-O 6. Bg2 Bxd2+ 7. Qxd2 d6 8. Nc3 Nc6 9. O-O e5 10. Nd5 Nxd5 11. cxd5 Nxd4 12. Nxd4 exd4 13. Rac1 Bf5 14. Rfe1 Qe5 15. e4 dxe3 16. Rxe3 Qf6 17. Rxc7 Rac8 18. Rec3 h5 19. h4 Rxc7 20. Rxc7 Rb8 21. Qf4 Qd8 22. Rc3 g6 23. Qd4 b6 24. Rc6 Qe7 25. Qf4 Rd8 26. Kh2 1/2-1/2

[Event "Nabokov mem IM"]
[Site "Kyiv UKR"]
[Date "2010.06.11"]
[Round "7"]
[White "Matorin, Evgeny"]
[Black "Golubka, Petro"]
[Result "1/2-1/2"]
[WhiteElo "2227"]
[BlackElo "2348"]
[WhiteFideId "-1"]
[BlackFideId "-1"]
[PlyCount "254"]
[GameId "2129405078579454"]
[EventDate "2010.06.05"]
[EventType "tourn"]
[EventRounds "11"]
[EventCountry "UKR"]
[EventCategory "4"]

1. Nf3 d6 2. d4 g6 3. b3 Bg7 4. Bb2 Bf5 5. Nbd2 d5 6. e3 Nf6 7. c4 O-O 8. Be2 c6 9. O-O Qa5 10. Ne5 Ne4 11. Nxe4 dxe4 12. f4 exf3 13. Nxf3 Bh6 14. Qc1 Nd7 15. Bc3 Qc7 16. Be1 Nf6 17. Bg3 Qb6 18. Nh4 Be6 19. Bd3 Ng4 20. Bf2 a5 21. Qe1 Bd7 22. c5 Qc7 23. Bg3 Qd8 24. Rf3 Be6 25. h3 Nxe3 26. Be5 Nd5 27. Qg3 Nf6 28. Raf1 Nh5 29. Qe1 Qd7 30. g4 Nf6 31. Nf5 Bxf5 32. gxf5 Nd5 33. fxg6 fxg6 34. Qh4 Rxf3 35. Rxf3 Bg7 36. Bf5 e6 37. Bxg7 exf5 38. Be5 Qe7 39. Qg3 Kf7 40. a3 Ke6 41. Rf1 Kd7 42. Kh2 f4 43. Qg4+ Qe6 44. Qh4 h5 45. Qg5 Rf8 46. Qh6 Qf7 47. Rf2 f3 48. Qd2 Re8 49. Qd3 Qf5 50. Qxf5+ gxf5 51. Rxf3 Rf8 52. Kg3 Ke6 53. Kh4 f4 54. Kxh5 Kf5 55. Rf1 Nf6+ 56. Bxf6 Rxf6 57. b4 a4 58. b5 Rf8 59. Kh6 cxb5 60. d5 Rd8 61. d6 b6 62. Rc1 f3 63. c6 Rxd6+ 64. Kg7 Rd8 65. Kf7 Rh8 66. Ke7 Ke4 67. c7 f2 68. Kd7 Ke3 69. h4 b4 70. c8=Q Rxc8 71. Kxc8 b3 72. h5 Ke2 73. h6 b2 74. Rb1 f1=Q 75. Rxf1 Kxf1 76. h7 b1=Q 77. h8=Q Qb3 78. Qf8+ Ke2 79. Kb7 Kd2 80. Ka6 Kc2 81. Qf2+ Kb1 82. Qg2 Qxa3 83. Qg1+ Ka2 84. Qxb6 Qd3+ 85. Ka5 a3 86. Qf2+ Kb1 87. Qb6+ Kc2 88. Qe6 Kb2 89. Qb6+ Kc1 90. Qc5+ Kd1 91. Qg1+ Kc2 92. Qg8 Kc3 93. Qg7+ Qd4 94. Qg3+ Kc4 95. Qc7+ Qc5+ 96. Ka6 a2 97. Qf7+ Qd5 98. Qf4+ Kc5 99. Qf2+ Kd6 100. Qh2+ Ke7 101. Qh4+ Kd7 102. Qh7+ Kc8 103. Qh8+ Kc7 104. Qa1 Qb7+ 105. Ka5 Qb1 106. Qe5+ Kd7 107. Qd5+ Ke7 108. Qg5+ Ke6 109. Qg8+ Kf6 110. Qf8+ Kg6 111. Qg8+ Kh5 112. Qf7+ Kg4 113. Qg7+ Kf4 114. Qh6+ Ke5 115. Qg7+ Ke4 116. Qg4+ Kd5 117. Qd7+ Kc4 118. Qe6+ Kc3 119. Qe5+ Kd2 120. Qf4+ Ke2 121. Qg4+ Ke3 122. Qg5+ Ke4 123. Qg6+ Ke5 124. Qg7+ Kd6 125. Qf6+ Kc7 126. Qe7+ Kb8 127. Qd8+ Ka7 1/2-1/2

[Event "UKR-ch"]
[Site "Alushta UKR"]
[Date "2010.05.03"]
[Round "1"]
[White "Golubka, Petro"]
[Black "Panakhova, Elena"]
[Result "1-0"]
[WhiteElo "2348"]
[BlackElo "2023"]
[WhiteFideId "-1"]
[BlackFideId "-1"]
[PlyCount "121"]
[GameId "2129405079155889"]
[EventDate "2010.05.03"]
[EventType "swiss"]
[EventRounds "9"]
[EventCountry "UKR"]
[SourceTitle "The Week in Chess 810"]
[Source "Mark Crowther"]
[SourceDate "2010.05.17"]
[SourceVersion "1"]
[SourceVersionDate "2010.05.17"]
[SourceQuality "2"]

1. e4 c5 2. Nf3 d6 3. d4 cxd4 4. Nxd4 Nf6 5. Nc3 a6 6. Be3 e5 7. Nb3 Be6 8. f3 b5 9. Qd2 Be7 10. g4 O-O 11. g5 Nh5 12. Rg1 Nd7 13. Nd5 Bxd5 14. exd5 Rc8 15. Na5 Rxc2 16. Qxc2 Qxa5+ 17. Qd2 Qxd2+ 18. Kxd2 Nf4 19. Bxf4 exf4 20. Be2 Nb6 21. h4 Nxd5 22. a4 Ne3 23. axb5 axb5 24. Ra5 b4 25. Rga1 g6 26. Ra7 Bd8 27. Rb7 Nf5 28. Rxb4 Nxh4 29. Ra8 Bxg5 30. Rbb8 Rxb8 31. Rxb8+ Kg7 32. b4 Nf5 33. b5 d5 34. b6 Nd6 35. b7 Kf6 36. Ba6 h5 37. Rh8 Nxb7 38. Bxb7 Ke6 39. Bc8+ Ke5 40. Kd3 Be7 41. Rh7 g5 42. Rxh5 f5 43. Rh7 Bf6 44. Rf7 g4 45. fxg4 fxg4 46. Bxg4 Bh8 47. Rf5+ Kd6 48. Rxf4 Be5 49. Rf5 Ba1 50. Rh5 d4 51. Kc4 Bb2 52. Rd5+ Ke7 53. Rb5 Bc3 54. Rb6 Ba1 55. Re6+ Kf7 56. Bf5 Bc3 57. Kd5 Ba1 58. Bg6+ Kg7 59. Bd3 Bc3 60. Ke5 Bb2 61. Re7+ 1-0

[Event "UKR-ch"]
[Site "Alushta UKR"]
[Date "2010.05.04"]
[Round "2"]
[White "Mazurchak, Bogdan"]
[Black "Golubka, Petro"]
[Result "1-0"]
[WhiteElo "2184"]
[BlackElo "2348"]
[WhiteFideId "-1"]
[BlackFideId "-1"]
[PlyCount "63"]
[GameId "2129405079155949"]
[EventDate "2010.05.03"]
[EventType "swiss"]
[EventRounds "9"]
[EventCountry "UKR"]
[SourceTitle "The Week in Chess 810"]
[Source "Mark Crowther"]
[SourceDate "2010.05.17"]
[SourceVersion "1"]
[SourceVersionDate "2010.05.17"]
[SourceQuality "2"]

1. e4 e5 2. Nf3 Nc6 3. Bc4 Nf6 4. d3 Bc5 5. Bb3 d6 6. c3 Bb6 7. O-O a6 8. Nbd2 Ba7 9. Nc4 b5 10. Ne3 Na5 11. Bc2 O-O 12. h3 Re8 13. b4 Nc6 14. a4 Be6 15. Ng5 h6 16. Nxe6 fxe6 17. Bb3 Kh8 18. Ng4 Ng8 19. Be3 Qd7 20. Bxa7 Nxa7 21. f4 exf4 22. Rxf4 Rf8 23. Qd2 Nc6 24. Raf1 Rxf4 25. Qxf4 Nce7 26. a5 Qc6 27. Qd2 e5 28. Rf7 Qe8 29. Qf2 Rc8 30. Qg3 Ng6 31. Ne3 N8e7 32. Nf5 1-0

[Event "UKR-ch"]
[Site "Alushta UKR"]
[Date "2010.05.05"]
[Round "3"]
[White "Golubka, Petro"]
[Black "Cherednichenko, Elena"]
[Result "1-0"]
[WhiteElo "2348"]
[BlackElo "2125"]
[WhiteFideId "-1"]
[BlackFideId "-1"]
[PlyCount "78"]
[GameId "2129405079155974"]
[EventDate "2010.05.03"]
[EventType "swiss"]
[EventRounds "9"]
[EventCountry "UKR"]
[SourceTitle "The Week in Chess 810"]
[Source "Mark Crowther"]
[SourceDate "2010.05.17"]
[SourceVersion "1"]
[SourceVersionDate "2010.05.17"]
[SourceQuality "2"]

1. d4 Nf6 2. c4 e6 3. Nc3 Bb4 4. Qc2 b6 5. a3 Bxc3+ 6. Qxc3 Bb7 7. Bg5 h6 8. Bh4 d6 9. f3 Nbd7 10. e3 Qe7 11. O-O-O e5 12. Ne2 O-O-O 13. Bf2 d5 14. Bg3 dxc4 15. e4 Nh5 16. Bf2 exd4 17. Nxd4 Ne5 18. Nf5 Rxd1+ 19. Kxd1 Qd7+ 20. Ke1 Nd3+ 21. Bxd3 Qxd3 22. Qxd3 cxd3 23. Be3 g5 24. Kd2 Ba6 25. g4 Nf6 26. Bd4 Nxe4+ 27. fxe4 Re8 28. Re1 Re6 29. Bg7 c5 30. Bxh6 c4 31. Bxg5 Bb7 32. Bf4 Kd7 33. e5 Rg6 34. g5 Ke6 35. Nd4+ Kd5 36. Nb5 Bc8 37. h4 Bg4 38. Nxa7 Rg8 39. Nb5 Kc6 1-0

[Event "UKR-ch"]
[Site "Alushta UKR"]
[Date "2010.05.06"]
[Round "4"]
[White "Yastreb, Konstantin"]
[Black "Golubka, Petro"]
[Result "1-0"]
[WhiteElo "2209"]
[BlackElo "2348"]
[WhiteFideId "-1"]
[BlackFideId "-1"]
[PlyCount "93"]
[GameId "2129405079156053"]
[EventDate "2010.05.03"]
[EventType "swiss"]
[EventRounds "9"]
[EventCountry "UKR"]
[SourceTitle "The Week in Chess 810"]
[Source "Mark Crowther"]
[SourceDate "2010.05.17"]
[SourceVersion "1"]
[SourceVersionDate "2010.05.17"]
[SourceQuality "2"]

1. e4 c5 2. Nf3 d6 3. c3 Nf6 4. h3 g6 5. Bd3 Bg7 6. Bc2 O-O 7. O-O Nc6 8. d4 cxd4 9. cxd4 Nb4 10. Bb3 d5 11. e5 Ne4 12. Nc3 b6 13. Re1 Nxc3 14. bxc3 Nc6 15. Bg5 h6 16. Bf4 Bf5 17. Qd2 Kh7 18. Nh2 Na5 19. Ng4 h5 20. Ne3 Be6 21. Bc2 Rc8 22. Bd3 Qd7 23. Rac1 Rc7 24. Qe2 Kg8 25. Bb5 Qc8 26. Ba6 Qd8 27. Qf3 Qd7 28. c4 Nxc4 29. Bxc4 Rxc4 30. Rxc4 dxc4 31. d5 Bf5 32. Nxc4 Rc8 33. Ne3 Bd3 34. Rd1 Ba6 35. Qe4 Bb7 36. e6 Qxe6 37. Qxe6 fxe6 38. dxe6 Rf8 39. Bg5 Bc8 40. Bxe7 Re8 41. Rd7 Ba6 42. Rxa7 Bb5 43. Rd7 Ra8 44. Rd8+ Rxd8 45. Bxd8 Bd4 46. Nd5 Bc4 47. e7 1-0

[Event "UKR-ch"]
[Site "Alushta UKR"]
[Date "2010.05.07"]
[Round "5"]
[White "Golubka, Petro"]
[Black "Andrenko, Irina"]
[Result "1-0"]
[WhiteElo "2348"]
[BlackElo "2149"]
[WhiteFideId "-1"]
[BlackFideId "-1"]
[PlyCount "93"]
[GameId "2129405079156065"]
[EventDate "2010.05.03"]
[EventType "swiss"]
[EventRounds "9"]
[EventCountry "UKR"]
[SourceTitle "The Week in Chess 810"]
[Source "Mark Crowther"]
[SourceDate "2010.05.17"]
[SourceVersion "1"]
[SourceVersionDate "2010.05.17"]
[SourceQuality "2"]

1. c4 e5 2. Nc3 Nc6 3. g3 g6 4. Bg2 Bg7 5. Rb1 f5 6. d3 d6 7. Nd5 Nce7 8. Nf3 c6 9. Nc3 Nf6 10. O-O O-O 11. c5 Nh5 12. cxd6 Qxd6 13. Ng5 h6 14. Qb3+ Kh8 15. Nf3 b6 16. Rd1 Be6 17. Qc2 Rad8 18. a3 g5 19. b4 Ng6 20. Bb2 Nf6 21. Rbc1 g4 22. Nd2 Rc8 23. Qb1 Nd7 24. b5 c5 25. a4 Qe7 26. a5 Qf7 27. Qa1 Rc7 28. Bc6 Nb8 29. Bg2 Nd7 30. Na4 bxa5 31. Nc3 Nb6 32. Qxa5 c4 33. dxc4 Bxc4 34. Ba3 Rfc8 35. Bc6 Rxc6 36. bxc6 Rxc6 37. Nxc4 Nxc4 38. Qd5 Qg8 39. Qxg8+ Kxg8 40. Nb5 Rb6 41. Rxc4 Rxb5 42. Rc8+ Kh7 43. Rc7 f4 44. Rdd7 Rb1+ 45. Kg2 f3+ 46. exf3 gxf3+ 47. Kh3 1-0

[Event "UKR-ch"]
[Site "Alushta UKR"]
[Date "2010.05.08"]
[Round "6"]
[White "Dolzhikova, Kateryna"]
[Black "Golubka, Petro"]
[Result "1/2-1/2"]
[WhiteElo "2300"]
[BlackElo "2348"]
[WhiteFideId "-1"]
[BlackFideId "-1"]
[PlyCount "154"]
[GameId "2129405079156111"]
[EventDate "2010.05.03"]
[EventType "swiss"]
[EventRounds "9"]
[EventCountry "UKR"]
[SourceTitle "The Week in Chess 810"]
[Source "Mark Crowther"]
[SourceDate "2010.05.17"]
[SourceVersion "1"]
[SourceVersionDate "2010.05.17"]
[SourceQuality "2"]

1. e4 c5 2. Nf3 d6 3. d4 cxd4 4. Qxd4 a6 5. Be2 Nc6 6. Qe3 Nf6 7. h3 g6 8. O-O Bg7 9. c4 O-O 10. Nc3 Nb4 11. Rb1 Nd7 12. a3 Nc6 13. Rd1 b6 14. b4 Bb7 15. Bb2 a5 16. Nd5 axb4 17. axb4 e5 18. Qb3 Nf6 19. c5 bxc5 20. bxc5 Na5 21. Qe3 Bxd5 22. exd5 dxc5 23. Bxe5 c4 24. d6 Re8 25. Rb5 Nd7 26. Qf4 c3 27. Bxg7 Kxg7 28. Bd3 Qf6 29. Qxf6+ Kxf6 30. Rc1 Rec8 31. Ng5 Nc4 32. Rxc3 Nxd6 33. Rxc8 Rxc8 34. Nxh7+ Kg7 35. Rd5 Kxh7 36. Rxd6 Ne5 37. Be4 Rc1+ 38. Kh2 Re1 39. Rd4 f5 40. f4 Nf7 41. Bf3 Re7 42. Kg3 Kg7 43. Ra4 Nd6 44. Kh4 Ne8 45. g4 fxg4 46. hxg4 Nf6 47. Ra6 Nh7 48. Bd1 Rc7 49. Be2 Rd7 50. Bb5 Rb7 51. Bd3 Nf8 52. Rc6 Rd7 53. Bc2 Rb7 54. Kg3 Ra7 55. Kf3 Ra3+ 56. Ke4 Ra7 57. f5 gxf5+ 58. gxf5 Nd7 59. Rg6+ Kf7 60. Bb3+ Ke7 61. Kf4 Ra1 62. Rg7+ Kd6 63. Rg2 Rb1 64. Ba2 Re1 65. Kg5 Ke7 66. Kg6 Re4 67. Bd5 Ne5+ 68. Kg5 Nf7+ 69. Bxf7 Kxf7 70. Rh2 Ra4 71. Rh7+ Kg8 72. Re7 Kf8 73. Kf6 Ra6+ 74. Re6 Ra7 75. Rb6 Rf7+ 76. Ke5 Re7+ 77. Re6 Kf7 1/2-1/2

[Event "UKR-ch"]
[Site "Alushta UKR"]
[Date "2010.05.10"]
[Round "8"]
[White "Golubka, Petro"]
[Black "Vdovichenko, Vladislav"]
[Result "1-0"]
[WhiteElo "2348"]
[BlackElo "2220"]
[WhiteFideId "-1"]
[BlackFideId "-1"]
[PlyCount "110"]
[GameId "2129405079221734"]
[EventDate "2010.05.03"]
[EventType "swiss"]
[EventRounds "9"]
[EventCountry "UKR"]
[SourceTitle "The Week in Chess 810"]
[Source "Mark Crowther"]
[SourceDate "2010.05.17"]
[SourceVersion "1"]
[SourceVersionDate "2010.05.17"]
[SourceQuality "2"]

1. c4 e6 2. Nc3 d5 3. d4 Nf6 4. Nf3 dxc4 5. e3 a6 6. a4 c5 7. Bxc4 Nc6 8. O-O Be7 9. Qe2 cxd4 10. exd4 Nxd4 11. Nxd4 Qxd4 12. Rd1 Qh4 13. g3 Qh5 14. Qxh5 Nxh5 15. Ne4 Bd7 16. Nd6+ Bxd6 17. Rxd6 O-O-O 18. Bg5 Nf6 19. Rc1 Bc6 20. Rxc6+ bxc6 21. Bxa6+ Kd7 22. Bb7 Rc8 23. Bxf6 gxf6 24. Bxc8+ Rxc8 25. b4 Rb8 26. Rc4 Kd6 27. Kf1 Kd5 28. Rh4 f5 29. Ke2 h5 30. Kd3 e5 31. Kc3 Rh8 32. a5 e4 33. h3 c5 34. b5 Ra8 35. a6 Rb8 36. a7 Ra8 37. Rxh5 Rxa7 38. Rxf5+ Kd6 39. Rf6+ Kd5 40. b6 Ra3+ 41. Kb2 Ra4 42. g4 Rb4+ 43. Kc3 Rc4+ 44. Kd2 Rd4+ 45. Ke2 Rb4 46. h4 Ke5 47. g5 Rb2+ 48. Ke3 c4 49. Rxf7 Rxb6 50. Re7+ Kf5 51. Rf7+ Ke5 52. Kd2 Rb3 53. g6 Rd3+ 54. Kc2 Ke6 55. Rf8 Rd7 1-0

[Event "Prague op-A 09th"]
[Site "Prague"]
[Date "2010.01.11"]
[Round "4"]
[White "Cermak, Michal"]
[Black "Golubka, Petro"]
[Result "0-1"]
[WhiteElo "2041"]
[BlackElo "2336"]
[WhiteFideId "-1"]
[BlackFideId "-1"]
[PlyCount "78"]
[GameId "1166652780855296"]
[EventDate "2010.01.08"]
[EventType "swiss"]
[EventRounds "9"]
[EventCountry "CZE"]
[SourceTitle "CBM 134 Extra"]
[Source "ChessBase"]
[SourceDate "2010.03.03"]
[SourceVersion "1"]
[SourceVersionDate "2010.03.03"]
[SourceQuality "1"]

1. e4 c5 2. Nf3 d6 3. d4 cxd4 4. Nxd4 Nf6 5. Nc3 a6 6. Bg5 e6 7. f4 Qb6 8. Nb3 Nbd7 9. Qf3 Qc7 10. O-O-O b5 11. a3 Rb8 12. g4 Be7 13. Bxf6 Bxf6 14. g5 Bxc3 15. Qxc3 Qxc3 16. bxc3 Ke7 17. Na5 Bb7 18. Nxb7 Rxb7 19. h4 Nc5 20. Bg2 Na4 21. Rh3 Rc7 22. Rdd3 Rhc8 23. Kd2 Nb2 24. Rdf3 Nc4+ 25. Kd1 Nxa3 26. f5 Nb1 27. f6+ Kf8 28. Rd3 Nxc3+ 29. Ke1 b4 30. Rxd6 Nb5 31. Rxa6 Rxc2 32. Bf1 Nd4 33. Rd3 e5 34. Rb6 gxf6 35. Rxb4 Rc1+ 36. Kf2 R8c2+ 37. Kg1 Ne2+ 38. Kf2 Nf4+ 39. Ke3 Re1+ 0-1

[Event "Prague op-A 09th"]
[Site "Prague"]
[Date "2010.01.12"]
[Round "6"]
[White "Golubka, Petro"]
[Black "Schula, Michal"]
[Result "1-0"]
[WhiteElo "2336"]
[BlackElo "2275"]
[WhiteFideId "-1"]
[BlackFideId "-1"]
[PlyCount "149"]
[GameId "1166652780994560"]
[EventDate "2010.01.08"]
[EventType "swiss"]
[EventRounds "9"]
[EventCountry "CZE"]
[SourceTitle "CBM 134 Extra"]
[Source "ChessBase"]
[SourceDate "2010.03.03"]
[SourceVersion "1"]
[SourceVersionDate "2010.03.03"]
[SourceQuality "1"]

1. e4 c5 2. Nf3 d6 3. d4 cxd4 4. Nxd4 Nf6 5. Nc3 Nc6 6. Bg5 e6 7. Qd2 a6 8. f3 h6 9. Be3 Nxd4 10. Bxd4 e5 11. Be3 Be6 12. O-O-O b5 13. Kb1 Rb8 14. g4 b4 15. Nd5 Bxd5 16. exd5 a5 17. h4 Nd7 18. Bd3 Nc5 19. Bxc5 dxc5 20. d6 Bxd6 21. Bc4 Rb6 22. Qe2 Qe7 23. Qe3 g6 24. g5 h5 25. Rhe1 Kf8 26. f4 exf4 27. Qxe7+ Bxe7 28. Rd7 Re6 29. Bxe6 fxe6 30. Rxe6 Rh7 31. Rd3 Rf7 32. Rf3 Kg7 33. c4 bxc3 34. bxc3 c4 35. Re4 Bd6 36. Rd4 Bb8 37. Rxc4 Re7 38. Rc8 Re1+ 39. Kc2 Be5 40. Rc5 Kf7 41. Kd2 Re4 42. Kd3 Re1 43. Rxe5 Rxe5 44. Rxf4+ Kg7 45. a4 Re1 46. Kc4 Rb1 47. Kd3 Rb2 48. Kd4 Rb3 49. Kc4 Rb1 50. Kc5 Rb3 51. Rf3 Kg8 52. Kc6 Kg7 53. Re3 Kf7 54. Kc5 Kf8 55. Re4 Kf7 56. Kc4 Rb1 57. Kd5 Ra1 58. Kd6 Ra3 59. Rf4+ Kg7 60. Rc4 Kf7 61. Rc7+ Kf8 62. Rc4 Kf7 63. Rc7+ Kf8 64. c4 Rxa4 65. Ke6 Rb4 66. Rc8+ Kg7 67. Rc7+ Kf8 68. c5 Rxh4 69. c6 a4 70. Rb7 Re4+ 71. Kd5 Re1 72. c7 Rd1+ 73. Ke4 Re1+ 74. Kf3 Re8 75. Rb8 1-0

[Event "Prague op-A 09th"]
[Site "Prague"]
[Date "2010.01.13"]
[Round "7"]
[White "Yatsenko, Alexey"]
[Black "Golubka, Petro"]
[Result "1/2-1/2"]
[WhiteElo "2468"]
[BlackElo "2336"]
[WhiteFideId "-1"]
[BlackFideId "-1"]
[PlyCount "116"]
[GameId "1166652781096960"]
[EventDate "2010.01.08"]
[EventType "swiss"]
[EventRounds "9"]
[EventCountry "CZE"]
[SourceTitle "CBM 134 Extra"]
[Source "ChessBase"]
[SourceDate "2010.03.03"]
[SourceVersion "1"]
[SourceVersionDate "2010.03.03"]
[SourceQuality "1"]

1. c4 e6 2. Nf3 d5 3. g3 Nf6 4. Bg2 Be7 5. O-O O-O 6. b3 c5 7. e3 Nc6 8. Bb2 b6 9. Nc3 Ba6 10. Qe2 Rc8 11. Ne1 Bb7 12. f4 Rc7 13. g4 Rd7 14. g5 Ne4 15. Nxe4 dxe4 16. Bc3 Nb4 17. Qg4 Re8 18. f5 exf5 19. Rxf5 Bf8 20. a3 Nc6 21. Bxe4 Rxe4 22. Qxe4 Nd4 23. Qg4 Nxb3 24. Rd1 Nxd2 25. Rxd2 Rxd2 26. Bxd2 Qxd2 27. Qg3 Qd7 28. Rf1 Bd6 29. Qh4 g6 30. Ng2 Qe6 31. Rd1 Be7 32. Qf4 Be4 33. Ne1 a6 34. a4 Bc6 35. Kf2 Bxa4 36. Rd2 Bc6 37. Nf3 b5 38. Ne5 Be8 39. Ng4 Kg7 40. h4 bxc4 41. Qe5+ Qxe5 42. Nxe5 c3 43. Rc2 f6 44. Nf3 c4 45. Rxc3 Bf7 46. Rc2 a5 47. Nd2 fxg5 48. hxg5 a4 49. Nxc4 a3 50. Kf3 a2 51. Rxa2 Bxc4 52. Ra7 Kf7 53. e4 Bb5 54. Rb7 Bc6 55. Rc7 Ba4 56. Ra7 Bb3 57. Rb7 Be6 58. Kf4 Bc8 1/2-1/2

[Event "Bosnjaci op"]
[Site "Bosnjaci CRO"]
[Date "2010.01.08"]
[Round "8.43"]
[White "Damjanovic, Lazar"]
[Black "Golubka, Petro"]
[Result "1-0"]
[WhiteElo "1999"]
[BlackElo "1619"]
[WhiteFideId "-1"]
[BlackFideId "-1"]
[PlyCount "117"]
[GameId "2129405081047815"]
[EventDate "2010.01.03"]
[EventType "swiss"]
[EventRounds "9"]
[EventCountry "CRO"]

1. e4 c5 2. Nf3 d6 3. d4 cxd4 4. Nxd4 a6 5. Bd3 Nf6 6. Nc3 Nc6 7. Be3 g6 8. Nd5 Nxd5 9. exd5 Qa5+ 10. Qd2 Qxd5 11. O-O Nxd4 12. Bxd4 e5 13. Bc3 Be6 14. Rfe1 Bg7 15. Qe2 Qc6 16. f4 Qc5+ 17. Qf2 Qxf2+ 18. Kxf2 f6 19. Rad1 Rd8 20. Kg1 O-O 21. a3 Rd7 22. h3 Re8 23. fxe5 dxe5 24. Be4 Red8 25. Rxd7 Rxd7 26. Bd3 Bd5 27. Rd1 Bc4 28. Re1 b5 29. b3 Bd5 30. g4 Bxb3 31. Bxb5 axb5 32. cxb3 Rd3 33. Rc1 f5 34. gxf5 gxf5 35. Bb4 Rxb3 36. Rc5 Rxh3 37. Rxb5 Kf7 38. a4 Rh6 39. Rb7+ Kg6 40. a5 e4 41. Bc5 Rh5 42. a6 f4 43. a7 Rxc5 44. a8=Q Bd4+ 45. Kh2 Rc2+ 46. Kh1 Rc1+ 47. Kg2 Rc2+ 48. Kf1 f3 49. Qg8+ Kf5 50. Rf7+ Ke5 51. Qg7+ Ke6 52. Re7+ Kd6 53. Rd7+ Kc6 54. Qxd4 Rc1+ 55. Kf2 Rc2+ 56. Kg3 Rg2+ 57. Kf4 f2 58. Qd5+ Kb6 59. Rb7+ 1-0

[Event "Yuzhny op"]
[Site "Yuzhny"]
[Date "2009.09.08"]
[Round "1"]
[White "Golubka, Petro"]
[Black "Nasirov, Ruslan"]
[Result "1-0"]
[WhiteElo "2356"]
[BlackElo "1885"]
[WhiteFideId "-1"]
[BlackFideId "-1"]
[PlyCount "77"]
[GameId "1166652293111808"]
[EventDate "2009.09.08"]
[EventType "swiss"]
[EventRounds "9"]
[EventCountry "UKR"]
[SourceTitle "CBM 132 Extra"]
[Source "ChessBase"]
[SourceDate "2009.11.03"]
[SourceVersion "1"]
[SourceVersionDate "2009.11.03"]
[SourceQuality "1"]

1. e4 c5 2. Nf3 d6 3. d4 cxd4 4. Nxd4 Nf6 5. Nc3 g6 6. Be3 Bg7 7. f3 O-O 8. Qd2 Nc6 9. g4 Be6 10. O-O-O Rc8 11. h4 Qa5 12. a3 Ne5 13. h5 Bc4 14. hxg6 fxg6 15. g5 Nh5 16. Bh3 Bf7 17. Bxc8 Rxc8 18. Nce2 Qa6 19. Kb1 Nc4 20. Qd3 Qb6 21. Bc1 Bxd4 22. Nxd4 Nf4 23. Qc3 e5 24. Bxf4 exd4 25. Qb4 Qc5 26. Qxc5 dxc5 27. a4 a6 28. Rh4 Kg7 29. Rdh1 Bg8 30. b3 Na5 31. Be5+ Kf7 32. f4 Nc6 33. Rxh7+ Bxh7 34. Rxh7+ Ke6 35. Bf6 b5 36. axb5 axb5 37. Rh6 Rg8 38. Bh8 Kf7 39. f5 1-0

[Event "Yuzhny op"]
[Site "Yuzhny"]
[Date "2009.09.10"]
[Round "4"]
[White "Golubka, Petro"]
[Black "Sharapov, Evgeny"]
[Result "1/2-1/2"]
[WhiteElo "2356"]
[BlackElo "2515"]
[WhiteFideId "-1"]
[BlackFideId "-1"]
[PlyCount "122"]
[GameId "1166652293718016"]
[EventDate "2009.09.08"]
[EventType "swiss"]
[EventRounds "9"]
[EventCountry "UKR"]
[SourceTitle "CBM 132 Extra"]
[Source "ChessBase"]
[SourceDate "2009.11.03"]
[SourceVersion "1"]
[SourceVersionDate "2009.11.03"]
[SourceQuality "1"]

1. e4 c5 2. Nf3 d6 3. d4 cxd4 4. Nxd4 Nf6 5. Nc3 Nc6 6. Bg5 e6 7. Qd2 Be7 8. O-O-O O-O 9. f4 Nxd4 10. Qxd4 Qa5 11. Bc4 Bd7 12. e5 dxe5 13. fxe5 Bc6 14. Bd2 Nd7 15. Nd5 Qd8 16. Nxe7+ Qxe7 17. Bd3 Rfd8 18. Qf4 Nc5 19. Bb4 a5 20. Bxc5 Qxc5 21. Bxh7+ Kxh7 22. Qh4+ Kg6 23. Qg4+ Kh7 24. Qh4+ Kg6 25. Rxd8 Rxd8 26. Qg4+ Kh7 27. Qh4+ Kg6 28. Qxd8 Qxe5 29. Qd2 f5 30. Re1 Be4 31. g4 a4 32. gxf5+ exf5 33. a3 Qc5 34. Re3 Qc4 35. Rg3+ Kh7 36. b3 axb3 37. Rxb3 Qc5 38. Rh3+ Kg6 39. Rg3+ Kh7 40. Rc3 Qg1+ 41. Kb2 Qf1 42. Qd4 Qg2 43. Qe5 Qg6 44. Rh3+ Kg8 45. Rg3 Qb6+ 46. Kc1 Qh6+ 47. Kb2 Qb6+ 48. Ka2 Qh6 49. Rc3 Kh7 50. a4 Qg6 51. Rh3+ Kg8 52. Rg3 Qf7+ 53. Kb2 Bc6 54. Qb8+ Kh7 55. Rh3+ Kg6 56. Qd6+ Qf6+ 57. Qxf6+ Kxf6 58. a5 f4 59. Rc3 Bg2 60. Rc8 f3 61. Rf8+ Ke7 1/2-1/2